La Réponse est un Département - Calcule pour Trouver le Département - Statistiques

Statistiques générales
  • Ce quiz a été pris 170 fois
    167 depuis la dernière actualisation
  • Le résultat moyen est 9 sur 15
Statistiques - réponses
Numéro Nom du Département % Correct
77-76 Ain
95%
15+7 Côtes-d'Armor
81%
21x3 Puy-de-Dôme
80%
34/2 Charente-Maritime
79%
46-10/5 Loire-Atlantique
70%
2+2x2 Alpes-Maritimes
65%
63/3 Côte-d'Or
63%
29-10+15 Hérault
63%
36x2-7 Hautes-Pyrénées
52%
76/2+1 Jura
48%
77/11x9+1 Pyrénées-Atlantiques
48%
90/30+6 Ariège
47%
(1+2+3+4)²-5 Val-d'Oise
39%
78/27x27-1x7 Saône-et-Loire
22%
20+4x0-1 Corrèze
17%
Aucun quiz correspondant
Distribution des résultats
% des personnes avec chaque résultat
Percentile par nombre de réponses
Votre historique - résultats
Vous n’avez pas pris ce quiz depuis la dernière actualisation